00274 a2200109 4500001000700000020000600007040001100013100002400024240005600048245005100104362000900155168868 a  cMagnum aRosing, Tania M. K.10aA formacao do professor e a questao da leituralpor10aA formacao do professor e a questao da leitura0 a1899